|
|
|
|
| LEADER |
00000cam a2200000 7i4500 |
| 001 |
0000149921 |
| 005 |
20231122.0 |
| 008 |
231122t20222022my ad xi h k may |
| 020 |
|
|
|a 9789835218002
|
| 040 |
|
|
|a PERPUSTAM
|b eng
|c PERPUSTAM
|e rda
|
| 041 |
|
|
|a may
|
| 090 |
0 |
0 |
|a 361.06092
|b MAS
|
| 100 |
0 |
|
|a Mastura Mahfar
|c Dr. ,
|e author
|
| 245 |
1 |
0 |
|a PROFESIONALISME KAUNSELOR :
|b ETIKA DAN KOMPETENSI
|c MASTURA MAHFAR ; [Editor: JUNAIDAH AHMAD GHAZALI]
|
| 250 |
|
|
|a Edisi Pertama 2022
|
| 264 |
|
1 |
|a Johor Bahru, Johor :
|b Penerbit UTM Press
|c 2022
|
| 264 |
|
4 |
|c ©2022
|
| 300 |
|
|
|a xix, 435 pages :
|b illustrations ;
|c 23 cm.
|
| 336 |
|
|
|a text
|2 rdacontent
|
| 337 |
|
|
|a unmediated
|2 rdamedia
|
| 338 |
|
|
|a volume
|2 rdacarrier
|
| 500 |
|
|
|a Includes index
|
| 504 |
|
|
|a Includes bibliographical references and index
|
| 650 |
1 |
0 |
|a Counselors
|x Professional ethics
|
| 650 |
2 |
0 |
|a Counseling
|
| 650 |
2 |
0 |
|a Government publications
|z Malaysia
|
| 999 |
|
|
|a 0000775618
|b Buku
|c Rak Terbuka
|e Perbadanan Perpustakaan Awam Melaka
|
| 999 |
|
|
|a 0000775619
|b Buku
|c Rak Terbuka
|e Perbadanan Perpustakaan Awam Melaka
|
| 999 |
|
|
|a 0000775620
|b Buku
|c Rak Terbuka
|e Perbadanan Perpustakaan Awam Melaka
|
| 999 |
|
|
|a 0000775621
|b Buku
|c Rak Terbuka
|e Perpustakaan Cawangan Masjid Tanah
|
| 999 |
|
|
|a 0000775622
|b Buku
|c Rak Terbuka
|e Perpustakaan Cawangan Merlimau
|
| 999 |
|
|
|a 0000775623
|b Buku
|c Rak Terbuka
|e Perpustakaan Komuniti UTC Melaka
|
| 999 |
|
|
|a 0000775624
|b Buku
|c Rak Terbuka
|e Perbadanan Perpustakaan Awam Melaka
|